Schnelle Mathematik - Multiplikation Level 24 - Statistiken

Allgemein
  • Dieses Quiz wurde 86 mal gespielt
  • Das Durchschnittsergebnis liegt bei 39 aus 40
Antwortstatistiken
Frage Antwort % Korrekt
0⋅1 0
100%
0⋅2 0
100%
0⋅3 0
100%
0⋅4 0
100%
0⋅5 0
100%
0⋅0 0
100%
0⋅1 0
100%
5⋅2 10
100%
3⋅4 12
100%
4⋅3 12
100%
3⋅5 15
100%
4⋅4 16
100%
1⋅2 2
100%
2⋅1 2
100%
4⋅5 20
100%
5⋅4 20
100%
3⋅1 3
100%
1⋅4 4
100%
2⋅2 4
100%
4⋅1 4
100%
0⋅0 0
98%
1⋅0 0
98%
4⋅0 0
98%
5⋅0 0
98%
0⋅2 0
98%
0⋅3 0
98%
1⋅1 1
98%
5⋅3 15
98%
5⋅5 25
98%
1⋅3 3
98%
1⋅5 5
98%
3⋅2 6
98%
3⋅3 9
98%
5⋅1 5
96%
2⋅4 8
96%
4⋅2 8
96%
2⋅0 0
94%
3⋅0 0
94%
2⋅5 10
94%
2⋅3 6
94%
Keine übereinstimmenden Quizze gefunden
Verteilung der Resultate
Anzahl Personen mit jedem Resultat
Perzentil nach korrekt beantworteten Fragen
Ihre Resultats-Entwicklung
Sie haben dieses Quiz noch nicht gespielt